Southville International School and Colleges
Your cart is empty.
  • Cart
  • Lists
    Public lists Eva Luna New books Lux_list list_1
    Your lists Log in to create your own lists
  • Log in to your account
  • Your cookies
  • Search history
Southville International School and Colleges
  • Advanced search
  • Recent comments
  • Most popular
  • Libraries

Log in to your account

Log in with GOOGLE


If you do not have an external account, but do have a local account, you can still log in:

  1. Home
  2. MARC view: Textbook on the Philippine Constitution /
Normal view MARC view ISBD view

Textbook on the Philippine Constitution / (Record no. 295955)

[ view plain ]
MARC details
000 -LEADER
fixed length control field 00941cam a2200301 a 4500
001 - CONTROL NUMBER
control field 16846299
003 - CONTROL NUMBER IDENTIFIER
control field SISC
005 - DATE AND TIME OF LATEST TRANSACTION
control field 20160616144543.0
008 - FIXED-LENGTH DATA ELEMENTS--GENERAL INFORMATION
fixed length control field 110627s2011 ph b 000 0 eng
010 ## - LIBRARY OF CONGRESS CONTROL NUMBER
LC control number 2011308207
020 ## - INTERNATIONAL STANDARD BOOK NUMBER
International Standard Book Number 9789712360077
040 ## - CATALOGING SOURCE
Original cataloging agency DLC
Transcribing agency DLC
Modifying agency DLC
042 ## - AUTHENTICATION CODE
Authentication code lcode
-- pcc
043 ## - GEOGRAPHIC AREA CODE
Geographic area code a-ph---
050 00 - LIBRARY OF CONGRESS CALL NUMBER
Classification number KPM 1750
Item number .D43 2011
100 1# - MAIN ENTRY--PERSONAL NAME
Personal name De Leon, Hector S.
245 10 - TITLE STATEMENT
Title Textbook on the Philippine Constitution /
Statement of responsibility, etc by Hector S. De Leon, Hector M. De Leon, Jr.
246 30 - VARYING FORM OF TITLE
Title proper/short title Philippine Constitution
250 ## - EDITION STATEMENT
Edition statement 2011 edition.
260 ## - PUBLICATION, DISTRIBUTION, ETC. (IMPRINT)
Place of publication, distribution, etc Manila, Philippines :
Name of publisher, distributor, etc Published & distributed by Rex Book Store,
Date of publication, distribution, etc 2011.
300 ## - PHYSICAL DESCRIPTION
Extent li, 801 pages ;
Dimensions 23 cm.
500 ## - GENERAL NOTE
General note Includes bibliographical references.
650 #0 - SUBJECT ADDED ENTRY--TOPICAL TERM
Topical term or geographic name as entry element Constitutional law
Geographic subdivision Philippines.
700 1# - ADDED ENTRY--PERSONAL NAME
Personal name De Leon, Hector M.
906 ## - LOCAL DATA ELEMENT F, LDF (RLIN)
a 7
b cbc
c origode
d 2
e ncip
f 20
g y-gencatlg
942 ## - ADDED ENTRY ELEMENTS (KOHA)
Source of classification or shelving scheme Library of Congress Classification
Koha item type Books
Holdings
Withdrawn status Lost status Source of classification or shelving scheme Damaged status Home library Current library Shelving location Date acquired Source of acquisition Total Checkouts Total Renewals Full call number Barcode Date last seen Date checked out Price effective from Koha item type
    Library of Congress Classification   Archives Archives   06/16/2016 Donation 1 5 KPM 1750 .D43 2011 C20591 09/18/2019 07/22/2019 06/16/2016 Books

Textbook on the Philippine Constitution /

APA

De Leon H. S., De Leon H. M., . (2011). Textbook on the Philippine Constitution. Manila, Philippines: Published & distributed by Rex Book Store.

Chicago

De Leon Hector S, De Leon Hector M, . 2011. Textbook on the Philippine Constitution. Manila, Philippines: Published & distributed by Rex Book Store.

Harvard

De Leon H. S., De Leon H. M., . (2011). Textbook on the Philippine Constitution. Manila, Philippines: Published & distributed by Rex Book Store.

MLA

De Leon Hector S, De Leon Hector M, . Textbook on the Philippine Constitution. Manila, Philippines: Published & distributed by Rex Book Store. 2011.

  • Place hold
  • Print
  • Cite
  • Add to your cart (remove)
  • Save record
    BIBTEX Dublin Core MARCXML MARC (non-Unicode/MARC-8) MARC (Unicode/UTF-8) MARC (Unicode/UTF-8, Standard) MODS (XML) RIS
  • More searches
    Search for this title in:
    Other Libraries (WorldCat) Other Databases (Google Scholar) Online Stores (Bookfinder.com) Open Library (openlibrary.org)

Exporting to Dublin Core...

SOUTHVILLE LIBRARY

Southville International School and Colleges Library

1281 Tropical Ave. Cor. Luxembourg St., BF Homes International, Las Pinas City

Tel. No. 8256374 / 252358 Loc. 117/146

Powered by Koha